000 00473cam a2200193ua 4500
001 10610
005 20260515114636.0
008 190320n ii |||gr||||Z||||||eng
020 _a9789325986701
040 _cMAIN
082 _a338.5
100 _aD N Dwivedi,
_eAuthor.
245 _aMicroeconomics
_btheory and applications
250 _a3rd ed rep.
260 _aNew Delhi:
_bvikas publishing house,
_c2018.
300 _a651p.
653 _aProduction
942 _cBK
999 _c9572
_d9572